000 00279nam a22001337a 4500
020 _a81-7992-218-9
082 _a823
_bHEN/F
100 _aO'HENRY
245 _a5 AMERICAN MASTERS
260 _aMUMBAI
_bJAICO BOOKS
_c2003
300 _a282
650 _aNOVEL
_zINDIA
942 _cBK
999 _c3302
_d3302